Aprendizajes, inclusión y justicia social en entornos educativos multiculturales (Record no. 198506)

MARC details
000 -CABECERA
campo de control de longitud fija 02160cab a2200277 ab4500
005 - FECHA Y HORA DE LA ÚLTIMA TRANSACCIÓN
campo de control 20240801161022.0
008 - ELEMENTOS DE LONGITUD FIJA--INFORMACIÓN GENERAL
campo de control de longitud fija 991125c2017 mx qr p o 000 0 spa d
035 ## - NÚMERO DE CONTROL DEL SISTEMA
Número de control de sistema UPN01000226410
040 ## - FUENTE DE LA CATALOGACIÓN
Centro catalogador/agencia de origen MX-MxUPN
Lengua de catalogación spa
Centro/agencia transcriptor MX-MxUPN
Normas de descripción aacr2
049 ## - COLECCIÓN
Colección ART-E
100 1# - ASIENTO PRINCIPAL--NOMBRE PERSONAL
Nombre de persona Jiménez Vargas, Felipe
Enlace - felipe.jimenez@ucv.cl
100 1# - ASIENTO PRINCIPAL--NOMBRE PERSONAL
Nombre de persona Lalueza Sazatornil, José Luis
245 10 - MENCIÓN DE TÍTULO
Título Aprendizajes, inclusión y justicia social en entornos educativos multiculturales
Medio [recurso electrónico en línea]
506 0# - NOTA DE RESTRICCIONES AL ACCESO
Limitaciones de acceso Acceso abierto
520 3# - NOTA DE RESUMEN, ETC.
Sumario, etc. En el escenario educativo actual, marcado por el incremento sistemático de grupos minoritarios en las aulas, así como por las desigualdades que se reproducen y actualizan en los contextos educativos, el desarrollo de propuestas inspiradas en principios de inclusión, multiculturalidad y justicia social cobran cada vez más relevancia. Mediante un trabajo etnográfico de observación participante en una escuela pública del área metropolitana de Barcelona, esta investigación analiza dos sistemas de actividad educativa en un mismo contexto escolar: procesos de enseñanza-aprendizaje basados en enfoques tradicionales y procesos de enseñanza-aprendizaje inspirados en el modelo Quinta Dimensión (5D). Los resultados evidencian que cuando los sistemas de actividad permiten a sus participantes vincular los contenidos curriculares a sus referentes culturales, cuando se privilegian interacciones colaborativas orientadas a metas compartidas y se ajustan las ayudas educativas a las necesidades de los educando, se amplían las oportunidades de éxito escolar para y se eliminan barreras para su aprendizaje y participación. REDIE
650 #4 - ASIENTO SECUNDARIO DE MATERIA - TERMINO TEMATICO
9 (RLIN) 7100
Término de materia o nombre geográfico como elemento de entrada Educación inclusiva
650 #4 - ASIENTO SECUNDARIO DE MATERIA - TERMINO TEMATICO
9 (RLIN) 5798
Término de materia o nombre geográfico como elemento de entrada Multiculturalismo
650 #2 - ASIENTO SECUNDARIO DE MATERIA - TERMINO TEMATICO
9 (RLIN) 15413
Término de materia o nombre geográfico como elemento de entrada Justicia social
653 0# - TERMINO DE INDIZACION - NO CONTROLADO
Término no controlado Etnografía educativa
773 ## - ENLACE AL DOCUMENTO FUENTE/ENTRADA DE REGISTRO ANFITRIÓN
Parte(s) relacionada(s) Vol. 19, no. 3 (2017), p. 10-23
Título REDIE: revista electrónica de investigación educativa
Número Internacional Normalizado para Publicaciones Seriadas 1607-4041
856 4# - LOCALIZACIÓN Y ACCESO ELECTRÓNICOS
Identificador Uniforme del Recurso <a href="https://redie.uabc.mx/redie/article/view/830/1559">https://redie.uabc.mx/redie/article/view/830/1559</a>
856 4# - LOCALIZACIÓN Y ACCESO ELECTRÓNICOS
Identificador Uniforme del Recurso <a href="https://doi.org/10.24320/redie.2017.19.3.830">https://doi.org/10.24320/redie.2017.19.3.830</a>
902 ## - ELEMENTOS DE DATOS B LOCAL, LDB (RLIN)
Creó Leonor Sotres/010824
905 ## - TIPO DE MATERIAL
Tipo de material Articulo
942 ## - ELEMENTOS DE PUNTO DE ACCESO ADICIONAL (KOHA)
Tipo de ítem Koha Artículo Electrónico
Holdings
Estado de retiro Estado de pérdida Estado dañado No para préstamo Código de colección Localización permanente Ubicación/localización actual Ubicación en estantería Fecha de adquisición Total de préstamos Fecha visto por última vez Identificador Uniforme del Recurso Precio válido a partir de Tipo de ítem Koha
        Acceso abierto Bib. Gregorio Torres Quintero Bib. Gregorio Torres Quintero En línea 01/08/2024   01/08/2024 https://redie.uabc.mx/redie/article/view/830/1559 01/08/2024 Artículo Electrónico